| LEADER | 00000nam a2200000 i 4500 | ||
|---|---|---|---|
| 001 | 115752 | ||
| 003 | CZ ZlUTB | ||
| 005 | 20260602071541.0 | ||
| 007 | ta | ||
| 008 | 260420s2026 xr abc e f 001 0 cze | ||
| 015 | |a cnb003751764 | ||
| 020 | |a 978-80-87850-60-2 |q (brožováno) : |c Kč 480,00 | ||
| 040 | |a OLA001 |b cze |e rda | ||
| 041 | 1 | |a cze |h eng | |
| 072 | 7 | |a 57/59 |x Biologické vědy |2 Konspekt |9 2 | |
| 080 | |a 728 |2 MRF | ||
| 080 | |a 643 |2 MRF | ||
| 080 | |a 613.5 |2 MRF | ||
| 080 | |a 57/59 |2 MRF | ||
| 080 | |a 578/579 |2 MRF | ||
| 080 | |a 636.1/.9-022.51 |2 MRF | ||
| 080 | |a 502.1:574.1 |2 MRF | ||
| 080 | |a (0.062) |2 MRF | ||
| 100 | 1 | |a Dunn, Rob R. |7 xx0195528 |4 aut | |
| 240 | 1 | 0 | |a Never home alone. |l Česky |
| 245 | 1 | 0 | |a Nikdy sami doma / |c Rob Dunn ; překlad Lenka Adamcová |
| 250 | |a Vydání první | ||
| 264 | 1 | |a Brno : |b Sphera, |c 2026 | |
| 300 | |a 355 stran : |b ilustrace, mapy, portréty ; |c 20 cm | ||
| 336 | |a text |b txt |2 rdacontent | ||
| 337 | |a bez média |b n |2 rdamedia | ||
| 338 | |a svazek |b nc |2 rdacarrier | ||
| 490 | 1 | |a Sapiens | |
| 500 | |a Přeloženo z angličtiny | ||
| 500 | |a Obálkový podnázev: od mikrobů po včely - skrytý život tvorů v našich domovech | ||
| 504 | |a Obsahuje bibliografické odkazy a rejstřík | ||
| 650 | 0 | 7 | |a obytné domy |7 ph115537 |x biologické aspekty |2 czenas |
| 650 | 0 | 7 | |a byty |7 ph114219 |x biologické aspekty |2 czenas |
| 650 | 0 | 7 | |a hygiena bydlení |7 ph120979 |x biologické aspekty |2 czenas |
| 650 | 0 | 7 | |a mikroorganismy |7 ph115309 |2 czenas |
| 650 | 0 | 7 | |a malá zvířata |7 ph1206393 |2 czenas |
| 650 | 0 | 7 | |a biokulturní diverzita |7 ph1249109 |2 czenas |
| 650 | 0 | 9 | |a dwelling-houses |x biological aspects |2 eczenas |
| 650 | 0 | 9 | |a apartments |x biological aspects |2 eczenas |
| 650 | 0 | 9 | |a housing hygiene |x biological aspects |2 eczenas |
| 650 | 0 | 9 | |a microorganisms |2 eczenas |
| 650 | 0 | 9 | |a small animals |2 eczenas |
| 650 | 0 | 9 | |a biocultural diversity |2 eczenas |
| 655 | 7 | |a populárně-naučné publikace |7 fd131864 |2 czenas | |
| 655 | 9 | |a popular works |2 eczenas | |
| 700 | 1 | |a Adamcová, Lenka |7 xx0036633 |4 trl | |
| 710 | 2 | |a Nakladatelství SPHERA |7 olak20261295302 |4 pbl | |
| 830 | 0 | |a Sapiens | |
| 910 | |a ZLD002 | ||
| 942 | |2 udc | ||
| 952 | |0 0 |1 0 |4 0 |6 57DUNNRR |7 0 |8 BOOK |9 191397 |a UTBZL |b UTBZL |c 006 |d 2026-06-02 |l 0 |o 57/DUNN,R.R. |p 420010202227 |r 2026-06-02 07:16:53 |v 480.00 |w 2026-06-02 |x N:nákup |y 04 | ||
| 992 | |a BK |b SKNEW | ||
| 999 | |c 115752 |d 115752 | ||